ऑक्सफर्ड खगोलशास्त्र (Record no. 336893)

MARC details
000 -LEADER
fixed length control field 00746nam a2200181Ia 4500
008 - FIXED-LENGTH DATA ELEMENTS--GENERAL INFORMATION
fixed length control field 090711s9999 xx 000 0 und d
082 ## - DEWEY DECIMAL CLASSIFICATION NUMBER
Item number 1901
100 ## - MAIN ENTRY--PERSONAL NAME
Personal name सायमन / मिटन जॅकलीन
245 ## - TITLE STATEMENT
Title ऑक्सफर्ड खगोलशास्त्र
260 ## - PUBLICATION, DISTRIBUTION, ETC. (IMPRINT)
Name of publisher, distributor, etc ऑक्सफर्ड युनिव्हर्सिटी प्रेस
Date of publication, distribution, etc 1999
300 ## - PHYSICAL DESCRIPTION
Extent 160
600 ## - SUBJECT ADDED ENTRY--PERSONAL NAME
Personal name सायमन / मिटन जॅकलीन
630 ## - SUBJECT ADDED ENTRY--UNIFORM TITLE
Uniform title ऑक्सफर्ड खगोलशास्त्र
700 ## - ADDED ENTRY--PERSONAL NAME
Personal name सायमन / मिटन जॅकलीन
700 ## - ADDED ENTRY--PERSONAL NAME
Personal name सोवनी रा. वि.
730 ## - ADDED ENTRY--UNIFORM TITLE
Uniform title ऑक्सफर्ड खगोलशास्त्र
942 ## - ADDED ENTRY ELEMENTS (KOHA)
Koha item type Book

No items available.